000
00278nam a2200109Ia 4500
008
200302s9999 xx 000 0 und d
100
_a
Author
245
_a
Design Manual for Barrire free Built Environment
260
_b
Council of Architecture
260
_c
2015
300
_a
52 P.,
999
_c
4985
_d
4985